| 000 | 00877nam a2200181 a 4500 | ||
|---|---|---|---|
| 008 | 081104s1997 ||||||||||||||||| || u | ||
| 050 | _aIBRD(08) | ||
| 100 | _aMartinot, Eric | ||
| 245 | 1 | 0 | _aInvestment to improve the energy efficiency of existing residential buidings in countries of the Former Soviet Union |
| 260 |
_aWashington, D. C. _bWorld Bank _c1997 |
||
| 300 | _aix, 151p. :ill. | ||
| 350 | _a0.00 | ||
| 490 | _aStudies of Economies in Transformation | ||
| 650 | _aHEATING FROM CENTRAL STATIONS--ECONOMIC ASPECTS--FORMER SOVIET REPUBLICS | ||
| 650 | _aAPARTMENT HOUSES--GOVERNMENT POLICY--FORMER SOVIET REPUBLICS | ||
| 650 | _aAPARTMENT HOUSES--ENERGY CONSERVATION--FORMER SOVIET REPUBLICS | ||
| 995 |
_D0.00 _FCBU-MAIN LIBRARY (Kitwe) _H1 _I0.00 _M1 _UAVAILABLE _WNov 4, 2008 _ZInternational Publications |
||
| 999 |
_c48325 _d48325 |
||